Regiony Finlandii - nagła śmierć - Statystyki

Ogólne statystyki
  • Ten quiz został rozwiązany 76 razy
  • Średni wynik to 4 z 19
Answers on the Grid
Answers color-coded by a green-red scale on the quiz's grid according to % correct below.
Finlandia Środkowa
Finlandia Właściwa
Uusimaa
Kainuu
Kanta-Häme
Karelia Południowa
Karelia Północna
Kymenlaakso
Laponia
Ostrobotnia
Ostrobotnia Środkowa
Ostrobotnia Północna
Ostrobotnia Południowa
Päijät-Häme
Pirkanmaa
Satakunta
Sawonia Południowa
Sawonia Północna
Wyspy Alandzkie
Nordland
Karelia
Helsinki
Ostrobotnia Zachodnia
Kalixmaa
Oulumaa
Karjalamaa
Hiuma
Saimaa
Karasjok
Harjumaa
Virumaa
Läänemaa
 
Statystyki odpowiedzi
Odpowiedź % Poprawnych
Laponia
39%
Finlandia Środkowa
35%
Ostrobotnia Środkowa
35%
Karelia Północna
26%
Ostrobotnia Północna
26%
Ostrobotnia Południowa
26%
Sawonia Południowa
26%
Uusimaa
26%
Päijät-Häme
22%
Sawonia Północna
22%
Finlandia Właściwa
17%
Kainuu
17%
Karelia Południowa
17%
Kymenlaakso
17%
Ostrobotnia
17%
Pirkanmaa
17%
Wyspy Alandzkie
17%
Kanta-Häme
13%
Satakunta
13%
Nie znaleziono quizów pasujących do podanych kryteriów
Rozkład punktacji
Procent ludzi z każdym wynikiem
Percentyl według liczby udzielonych odpowiedzi
Twoja historia wyników
Nie rozwiązałeś tego quizu